[Event "72nd RUS-ch Higher League 2019"]
[Site "Yaroslavl"]
[Date "2019.07.03"]
[Round "6.13"]
[White "Bocharov, Ivan"]
[Black "Kokarev, Dmitry"]
[Result "0-1"]
[WhiteElo "2559"]
[BlackElo "2609"]
[Annotator "ChessBase"]
[PlyCount "92"]
[EventDate "2019.06.27"]
[EventType "swiss"]
[EventCountry "RUS"]
[SourceTitle "playchess.com"]
[Source "ChessBase"]
[SourceQuality "1"]
[TimeControl "40/5400+30:1800+30"]

1. d4 {[%emt 0:01:22]} Nf6 {[%emt 0:00:00]} 2. c4 {[%emt 0:00:04]} g6 {[%emt 0:00:05]} 3. Nc3 {[%emt 0:00:04]} Bg7 {[%emt 0:00:12]} 4. e4 {[%emt 0:00:08]} O-O {[%emt 0:00:18]} 5. Nf3 {[%emt 0:00:07]} d6 {[%emt 0:00:39]} 6. Be2 {[%emt 0:00:12]} e5 {[%emt 0:00:48]} 7. d5 {[%emt 0:00:22]} Na6 {[%emt 0:01:17]} 8. Bg5 {[%emt 0:00:19]} h6 {[%emt 0:00:19]} 9. Bh4 {[%emt 0:00:09]} g5 {[%emt 0:00:22]} 10. Bg3 {[%emt 0:00:21]} Nh5 {[%emt 0:00:15]} 11. h4 {[%emt 0:06:24]} Nxg3 {[%emt 0:00:17]} 12. fxg3 {[%emt 0:00:04]} gxh4 {[%emt 0:00:11]} 13. Nxh4 {[%emt 0:04:25]} Qg5 {[%emt 0:00:56]} 14. g4 {[%emt 0:01:36]} Bf6 {[%emt 0:00:08]} 15. Qd2 {[%emt 0:04:32]} Kg7 {[%emt 0:08:07]} 16. Bf3 {[%emt 0:04:44]} Qxd2+ {[%emt 0:03:30]} 17. Kxd2 {[%emt 0:00:01]} Bg5+ {[%emt 0:00:14]} 18. Ke2 {[%emt 0:07:48]} Nb4 {[%emt 0:01:43]} 19. Rad1 {[%emt 0:05:06]} a5 {[%emt 0:05:57]} 20. Nb5 {[%emt 0:04:34]} Na6 {[%emt 0:03:52]} 21. Rd3 {[%emt 0:04:53]} Bd7 {[%emt 0:01:46]} 22. Nf5+ {[%emt 0:01:23]} Bxf5 {[%emt 0:04:54]} 23. gxf5 {[%emt 0:00:05]} Rfd8 {[%emt 0:00:47]} 24. Rdd1 {[%emt 0:10:19]} Kf6 {[%emt 0:03:33]} 25. Bg4 {[%emt 0:07:25]} Nc5 {[%emt 0:05:19]} 26. Kf3 {[%emt 0:01:04]} Rd7 {[%emt 0:01:36]} 27. g3 {[%emt 0:00:43]} c6 {[%emt 0:12:28]} 28. Nc3 {[%emt 0:03:06]} a4 {[%emt 0:06:12]} 29. Ne2 {[%emt 0:02:53]} Rdd8 {[%emt 0:05:28]} 30. Rh2 {[%emt 0:04:09]} a3 {[%emt 0:04:46]} 31. b3 {[%emt 0:01:17]} cxd5 {[%emt 0:00:24]} 32. cxd5 {[%emt 0:01:37]} Rdc8 {[%emt 0:01:05]} 33. Nc3 {[%emt 0:05:34]} Nxb3 {[%emt 0:02:33]} 34. Nb5 {[%emt 0:00:00]} Nc1 {[%emt 0:05:37]} 35. Bh3 {[%emt 0:05:53]} Ra6 {[%emt 0:03:17]} 36. Bf1 {[%emt 0:00:42]} Rc5 {[%emt 0:00:31]} 37. Kg4 {[%emt 0:01:03]} Ke7 {[%emt 0:03:05]} 38. f6+ Kxf6 {[%emt 0:01:54]} 39. Rf2+ {[%emt 0:06:03]} Kg6 {[%emt 0:01:51]} 40. Rf3 {[%emt 0:00:00]} Rb6 {[%emt 0:00:00]} 41. Nxa3 {[%emt 0:02:26]} Rb4 {[%emt 0:04:27]} 42. Kh3 {[%emt 0:01:06]} Nxa2 {[%emt 0:01:15]} 43. Ra1 {[%emt 0:01:46]} Rc3 {[%emt 0:06:01]} 44. Rxc3 {[%emt 0:04:56]} Nxc3 {[%emt 0:00:14]} 45. Nc4 {[%emt 0:00:11]} Nxe4 {[%emt 0:01:32]} 46. Bd3 {[%emt 0:01:50]} Kg7 {[%emt 0:02:04]} 0-1

[Event "72nd RUS-ch Higher League 2019"]
[Site "Yaroslavl"]
[Date "2019.07.03"]
[Round "6.14"]
[White "Ponkratov, Pavel"]
[Black "Khanin, Semen"]
[Result "1/2-1/2"]
[WhiteElo "2649"]
[BlackElo "2529"]
[Annotator "TA"]
[PlyCount "140"]
[EventDate "2019.06.27"]
[EventType "swiss"]
[EventCountry "RUS"]
[SourceTitle "playchess.com"]
[Source "ChessBase"]
[SourceQuality "1"]

{[%evp 9,140,3,2,4,4,-6,-12,2,28,11,23,21,13,21,33,17,30,46,47,33,43,19,34,0,4,5,40,4,6,-10,4,0,0,0,0,8,28,-31,-26,-26,-24,-41,-41,-49,-8,-14,0,0,0,-20,0,0,0,0,-7,-5,-10,-5,-5,-37,-33,-52,0,-67,-50,-71,-49,-83,-48,-47,-40,-53,0,-48,-13,-22,-20,-44,-43,-67,-64,-67,-57,-70,-18,-19,-20,-19,0,0,38,0,0,0,0,-104,-97,-104,-83,-99,-112,-108,-97,-107,-41,-41,-40,-40,-40,-106,-106,-107,-131,-124,0,-8,-8,-26,-8,-8,-8,-8,0,0,0,0,0,0,0,0,0,0,0]} 1. c4 e5 2. Nc3 Nf6 3. g3 c6 4. d4 exd4 5. Qxd4 Na6 6. Bg2 {A23: English Opening: 1...e5 2 Nc3 Nf6 3 g3 c6} d5 (6... Bc5 7. Qd1 O-O 8. Nf3 Re8 9. O-O d6 10. b3 Bf5 11. Bb2 Nc7 12. Na4 Bb6 13. Nxb6 axb6 {0-1 (42) Leko,P (2730)-Vachier Lagrave,M (2745) Beijing 2013}) 7. Bg5 dxc4 8. Qxc4 h6 $146 ({Predecessor:} 8... Nc5 9. Rd1 Bd7 10. Nf3 Ne6 11. O-O Be7 12. Bxf6 Bxf6 13. Ne4 b5 14. Qc1 Qe7 15. Rd6 Rc8 16. Rfd1 Rc7 17. Nxf6+ gxf6 18. Nh4 {1-0 (18) Burnett,R (2357)-Barnett,A (2194) Las Vegas 2014}) 9. Rd1 Bd7 10. Bc1 Bc5 11. Nh3 Qe7 12. Nf4 Nc7 13. O-O Ne6 14. a3 O-O 15. Nd3 Bb6 16. Ne5 Rad8 17. Nxd7 Rxd7 18. Rxd7 Nxd7 19. Kh1 Nd4 20. f4 Rd8 21. e3 Nc2 22. e4 Qc5 23. Qe2 (23. Qd3 $11 Nd4 24. Be3) 23... Nd4 $15 24. Qd1 Qc4 25. Na4 Bc7 26. b4 Nf6 {Strongly threatening ...Ne2.} 27. Nb2 Qc3 28. Na4 Qc4 29. Nb2 Qc3 30. e5 {Threatens to win with Na4.} Nb3 $36 {[%mdl 2048] White is under pressure.} 31. Qf3 Qxf3 32. Bxf3 Nd5 33. Nc4 b5 34. Ne3 Ne7 35. Nc2 Bb6 (35... Nd2 $15 36. Bxd2 Rxd2) 36. Be4 (36. Be3 $11) 36... Nd2 37. Bxd2 Rxd2 38. Rc1 g6 39. Ne1 Re2 40. Bd3 Rd2 41. Be4 Nd5 42. Nf3 Ra2 43. Bxd5 cxd5 $11 {[%mdl 4096] Endgame KRB-KRN} 44. Rc3 Kf8 $1 45. Rd3 Ke7 $1 46. Rxd5 Rxa3 ({Black should play} 46... Ke6 $1 $15 47. Rd3 (47. Rxb5 $2 Rf2 $19) 47... Kf5) 47. Kg2 Ra2+ 48. Kh3 Ra3 49. Nd2 Ra2 50. Kg4 Rb2 51. Ne4 $1 Rxb4 52. Nc3 (52. Nf6 $11 {remains equal.}) 52... Rc4 $17 53. Nxb5 Rc5 54. Rxc5 Bxc5 {KB-KN} 55. Kf3 a5 56. Nc3 Kd7 (56... Bd4 $17 57. Ne2 Ba1) 57. Ke4 $15 Kc6 58. g4 $1 Bb4 59. Na4 {[#]} (59. Na2 $1 $15) 59... Kb5 $1 $17 {[%cal Rb5a4]} 60. Nb2 {[#]} Ba3 $1 {[%cal Ra3b2]} 61. Nd1 Bb4 (61... Kb4 $17 {White should prevent ...Kb3.} 62. Ne3 Kb3) 62. Nb2 $11 Bc3 63. Nd1 Bd2 {...a4 is the strong threat.} 64. f5 {The position is equal.} gxf5+ 65. gxf5 a4 {White must now prevent ...a3.} 66. Kd3 Bb4 67. e6 fxe6 68. fxe6 Kc6 69. Ne3 a3 {aiming for ...a2.} 70. Kc2 Kd6 {Accuracy: White = 65%, Black = 60%.} 1/2-1/2

[Event "72nd RUS-ch Higher League 2019"]
[Site "Yaroslavl"]
[Date "2019.07.03"]
[Round "6.15"]
[White "Romanov, Evgeny"]
[Black "Shimanov, Aleksandr"]
[Result "1-0"]
[WhiteElo "2577"]
[BlackElo "2615"]
[Annotator "ChessBase"]
[PlyCount "53"]
[EventDate "2019.06.27"]
[EventType "swiss"]
[EventCountry "RUS"]
[SourceTitle "playchess.com"]
[Source "ChessBase"]
[SourceQuality "1"]
[TimeControl "40/5400+30:1800+30"]

1. d4 {[%emt 0:02:05]} Nf6 {[%emt 0:04:13]} 2. Nf3 {[%emt 0:00:10]} d5 {[%emt 0:00:51]} 3. Bg5 {[%emt 0:00:13]} e6 {[%emt 0:02:40]} 4. e3 {[%emt 0:00:15]} Be7 {[%emt 0:00:28]} 5. Bd3 {[%emt 0:01:40]} Nbd7 {[%emt 0:01:47]} 6. Nbd2 {[%emt 0:00:29]} c5 {[%emt 0:01:59]} 7. c3 {[%emt 0:00:24]} b6 {[%emt 0:00:16]} 8. O-O {[%emt 0:00:48]} Bb7 {[%emt 0:03:57]} 9. a4 {[%emt 0:00:51]} a6 {[%emt 0:01:46]} 10. Qb1 {[%emt 0:01:54]} Rc8 {[%emt 0:12:01]} 11. b4 {[%emt 0:05:36]} cxb4 {[%emt 0:02:06]} 12. cxb4 {[%emt 0:00:17]} Rc3 {[%emt 0:02:15]} 13. b5 {[%emt 0:02:34]} a5 {[%emt 0:03:12]} 14. Rc1 {[%emt 0:04:08]} Rxc1+ {[%emt 0:02:01]} 15. Qxc1 {[%emt 0:00:02]} Qb8 {[%emt 0:04:00]} 16. Ne5 {[%emt 0:23:52]} Nxe5 {[%emt 0:09:13]} 17. dxe5 {[%emt 0:00:06]} Ng4 {[%emt 0:02:42]} 18. Bxe7 {[%emt 0:01:21]} Kxe7 {[%emt 0:01:42]} 19. f4 {[%emt 0:05:05]} Rc8 {[%emt 0:08:29]} 20. Qe1 {[%emt 0:21:27]} Qc7 {[%emt 0:07:32]} 21. Qh4+ {[%emt 0:05:07]} Kf8 {[%emt 0:04:57]} 22. Nb3 {[%emt 0:02:40]} Nxe3 {[%emt 0:02:20]} 23. Bxh7 {[%emt 0:08:19]} d4 {[%emt 0:05:39]} 24. Rc1 {[%emt 0:01:45]} Qd7 {[%emt 0:05:20]} 25. Rxc8+ {[%emt 0:00:23]} Qxc8 {[%emt 0:00:04]} 26. Be4 {[%emt 0:00:14]} Qc7 {[%emt 0:01:03]} 27. Bxb7 {[%emt 0:01:22]} 1-0

[Event "72nd RUS-ch Higher League 2019"]
[Site "Yaroslavl"]
[Date "2019.07.03"]
[Round "6.16"]
[White "Petrov, Nikita"]
[Black "Murzin, Volodar"]
[Result "1/2-1/2"]
[WhiteElo "2610"]
[BlackElo "2418"]
[Annotator "ChessBase"]
[PlyCount "83"]
[EventDate "2019.06.27"]
[EventType "swiss"]
[EventCountry "RUS"]
[SourceTitle "playchess.com"]
[Source "ChessBase"]
[SourceQuality "1"]
[TimeControl "40/5400+30:1800+30"]

1. c4 {[%emt 0:00:00]} c6 {[%emt 0:00:00]} 2. d4 {[%emt 0:00:00]} d5 {[%emt 0:00:00]} 3. cxd5 {[%emt 0:00:05]} cxd5 {[%emt 0:00:00]} 4. Bg5 {[%emt 0:00:06]} Nc6 {[%emt 0:11:36]} 5. Nc3 {[%emt 0:00:08]} Qb6 {[%emt 0:04:00]} 6. Qd2 {[%emt 0:17:31]} e6 {[%emt 0:04:25]} 7. e3 {[%emt 0:03:35]} Be7 {[%emt 0:01:57]} 8. Nf3 {[%emt 0:02:40]} Bxg5 {[%emt 0:08:31]} 9. Nxg5 {[%emt 0:00:07]} f6 {[%emt 0:03:18]} 10. Nf3 {[%emt 0:02:11]} Nge7 {[%emt 0:01:01]} 11. Be2 {[%emt 0:03:25]} O-O {[%emt 0:01:20]} 12. O-O {[%emt 0:00:54]} Qd8 {[%emt 0:10:23]} 13. a3 {[%emt 0:07:29]} Bd7 {[%emt 0:00:55]} 14. b4 {[%emt 0:00:23]} Be8 {[%emt 0:01:02]} 15. Rac1 {[%emt 0:06:30]} Qd6 {[%emt 0:05:00]} 16. Ne1 {[%emt 0:10:45]} Bf7 {[%emt 0:09:37]} 17. Nd3 {[%emt 0:02:43]} b6 {[%emt 0:07:26]} 18. Rfd1 {[%emt 0:03:45]} Rad8 {[%emt 0:01:01]} 19. Nf4 {[%emt 0:02:53]} g5 {[%emt 0:03:07]} 20. Nd3 {[%emt 0:01:38]} Bg6 {[%emt 0:00:38]} 21. Ne1 {[%emt 0:05:14]} Kg7 {[%emt 0:01:16]} 22. Bd3 {[%emt 0:01:07]} Rh8 {[%emt 0:00:58]} 23. Rc2 {[%emt 0:01:24]} e5 {[%emt 0:03:55]} 24. Rdc1 {[%emt 0:05:05]} exd4 {[%emt 0:02:29]} 25. Nb5 {[%emt 0:05:25]} dxe3 {[%emt 0:02:05]} 26. Qxe3 {[%emt 0:02:56]} Qd7 {[%emt 0:01:14]} 27. Nd4 {[%emt 0:10:19]} Rc8 {[%emt 0:02:14]} 28. Nef3 {[%emt 0:00:19]} Bxd3 {[%emt 0:02:29]} 29. Qxd3 {[%emt 0:00:15]} Nxd4 {[%emt 0:00:06]} 30. Nxd4 {[%emt 0:01:33]} Rxc2 {[%emt 0:00:08]} 31. Rxc2 {[%emt 0:00:05]} Rc8 {[%emt 0:00:07]} 32. g3 {[%emt 0:01:30]} Rxc2 {[%emt 0:00:54]} 33. Qxc2 {[%emt 0:00:04]} Qd6 {[%emt 0:05:25]} 34. Qa4 {[%emt 0:00:45]} Qe5 {[%emt 0:01:40]} 35. Qxa7 {[%emt 0:00:30]} Qe1+ {[%emt 0:01:47]} 36. Kg2 {[%emt 0:00:03]} Qe4+ {[%emt 0:00:10]} 37. f3 {[%emt 0:01:10]} Qxd4 {[%emt 0:00:02]} 38. Qxe7+ {[%emt 0:00:05]} Kg6 {[%emt 0:00:18]} 39. Qe8+ {[%emt 0:00:14]} Kg7 {[%emt 0:00:05]} 40. Qe7+ {[%emt 0:00:00]} Kg6 {[%emt 0:00:00]} 41. Qe8+ {[%emt 0:06:46]} Kg7 {[%emt 0:00:14]} 42. Qe7+ {[%emt 0:00:36]} 1/2-1/2

[Event "72nd RUS-ch Higher League 2019"]
[Site "Yaroslavl"]
[Date "2019.07.03"]
[Round "6.17"]
[White "Kobalia, Mikhail"]
[Black "Yanchenko, Roman"]
[Result "1-0"]
[WhiteElo "2608"]
[BlackElo "2478"]
[Annotator "ChessBase"]
[PlyCount "49"]
[EventDate "2019.06.27"]
[EventType "swiss"]
[EventCountry "RUS"]
[SourceTitle "playchess.com"]
[Source "ChessBase"]
[SourceQuality "1"]
[TimeControl "40/5400+30:1800+30"]

1. c4 {[%emt 0:00:00]} c6 {[%emt 0:00:23]} 2. e4 {[%emt 0:00:47]} d5 {[%emt 0:00:42]} 3. exd5 {[%emt 0:00:05]} cxd5 {[%emt 0:00:02]} 4. d4 {[%emt 0:00:07]} Nf6 {[%emt 0:02:09]} 5. Nc3 {[%emt 0:00:26]} g6 {[%emt 0:05:55]} 6. Qb3 {[%emt 0:01:49]} Bg7 {[%emt 0:00:41]} 7. cxd5 {[%emt 0:00:05]} O-O {[%emt 0:00:19]} 8. Nge2 {[%emt 0:02:42]} Na6 {[%emt 0:04:57]} 9. Nf4 {[%emt 0:05:31]} Nc7 {[%emt 0:00:53]} 10. Be2 {[%emt 0:04:30]} b6 {[%emt 0:18:54]} 11. Bf3 {[%emt 0:05:17]} Rb8 {[%emt 0:01:30]} 12. O-O {[%emt 0:03:21]} Bg4 {[%emt 0:00:44]} 13. Bxg4 {[%emt 0:08:29]} Nxg4 {[%emt 0:00:05]} 14. Nd3 {[%emt 0:02:19]} Bxd4 {[%emt 0:03:51]} 15. Bf4 {[%emt 0:03:11]} Rb7 {[%emt 0:07:28]} 16. h3 {[%emt 0:03:57]} e5 {[%emt 0:00:46]} 17. dxe6 {[%emt 0:01:06]} Bxc3 {[%emt 0:00:11]} 18. exf7+ {[%emt 0:02:04]} Rxf7 {[%emt 0:00:08]} 19. Rad1 {[%emt 0:01:07]} Bd4 {[%emt 0:01:59]} 20. hxg4 {[%emt 0:00:58]} Qf6 {[%emt 0:08:46]} 21. Rfe1 {[%emt 0:03:41]} b5 {[%emt 0:12:22]} 22. Re4 {[%emt 0:04:52]} Na6 {[%emt 0:06:01]} 23. Re6 {[%emt 0:02:15]} Bxf2+ {[%emt 0:01:31]} 24. Kxf2 {[%emt 0:00:40]} Qh4+ {[%emt 0:01:39]} 25. Kg1 {[%emt 0:00:22]} 1-0

[Event "72nd RUS-ch Higher League 2019"]
[Site "Yaroslavl"]
[Date "2019.07.03"]
[Round "6.18"]
[White "Lomasov, Semyon"]
[Black "Timofeev, Artyom"]
[Result "1/2-1/2"]
[WhiteElo "2542"]
[BlackElo "2608"]
[Annotator "ChessBase"]
[PlyCount "39"]
[EventDate "2019.06.27"]
[EventType "swiss"]
[EventCountry "RUS"]
[SourceTitle "playchess.com"]
[Source "ChessBase"]
[SourceQuality "1"]
[TimeControl "40/5400+30:1800+30"]

1. e4 {[%emt 0:00:00]} e5 {[%emt 0:00:00]} 2. Nf3 {[%emt 0:00:00]} Nf6 {[%emt 0:00:00]} 3. Nc3 {[%emt 0:00:00]} Nc6 {[%emt 0:00:13]} 4. Bb5 {[%emt 0:00:00]} Bb4 {[%emt 0:02:38]} 5. O-O {[%emt 0:00:30]} O-O {[%emt 0:00:38]} 6. d3 {[%emt 0:00:27]} Bxc3 {[%emt 0:01:18]} 7. bxc3 {[%emt 0:00:06]} d6 {[%emt 0:00:17]} 8. Re1 {[%emt 0:13:02]} h6 {[%emt 0:02:43]} 9. d4 {[%emt 0:01:28]} Bd7 {[%emt 0:00:54]} 10. Rb1 {[%emt 0:02:02]} Re8 {[%emt 0:02:04]} 11. Bxc6 {[%emt 0:11:32]} bxc6 {[%emt 0:00:15]} 12. dxe5 {[%emt 0:00:06]} dxe5 {[%emt 0:00:08]} 13. Ba3 {[%emt 0:01:56]} Qc8 {[%emt 0:03:26]} 14. Qd3 {[%emt 0:04:30]} Be6 {[%emt 0:05:16]} 15. c4 {[%emt 0:15:17]} Nd7 {[%emt 0:00:31]} 16. Rb2 {[%emt 0:03:11]} Rd8 {[%emt 0:02:34]} 17. Be7 {[%emt 0:01:06]} Re8 {[%emt 0:00:07]} 18. Ba3 {[%emt 0:00:15]} Rd8 {[%emt 0:00:09]} 19. Be7 {[%emt 0:10:06]} Re8 {[%emt 0:00:06]} 20. Ba3 1/2-1/2

[Event "72nd RUS-ch Higher League 2019"]
[Site "Yaroslavl"]
[Date "2019.07.03"]
[Round "6.19"]
[White "Triapishko, Alexandr"]
[Black "Truskavetsky, Alexandr"]
[Result "1-0"]
[WhiteElo "2512"]
[BlackElo "2398"]
[Annotator "ChessBase"]
[PlyCount "81"]
[EventDate "2019.06.27"]
[EventType "swiss"]
[EventCountry "RUS"]
[SourceTitle "playchess.com"]
[Source "ChessBase"]
[SourceQuality "1"]
[TimeControl "40/5400+30:1800+30"]

1. e4 {[%emt 0:00:20]} c6 {[%emt 0:00:55]} 2. d4 {[%emt 0:00:30]} d5 {[%emt 0:00:07]} 3. e5 {[%emt 0:00:18]} Bf5 {[%emt 0:00:20]} 4. Nd2 {[%emt 0:03:05]} e6 {[%emt 0:01:34]} 5. Nb3 {[%emt 0:00:07]} Nd7 {[%emt 0:00:37]} 6. Nf3 {[%emt 0:02:18]} h6 {[%emt 0:00:14]} 7. Be2 {[%emt 0:11:18]} Ne7 {[%emt 0:00:25]} 8. O-O {[%emt 0:00:28]} g5 {[%emt 0:00:28]} 9. Ne1 {[%emt 0:08:13]} Rg8 {[%emt 0:11:03]} 10. Bh5 {[%emt 0:15:43]} c5 {[%emt 0:15:14]} 11. c3 {[%emt 0:12:46]} c4 {[%emt 0:03:55]} 12. Nd2 {[%emt 0:02:00]} g4 {[%emt 0:00:32]} 13. g3 {[%emt 0:06:01]} Rg5 {[%emt 0:08:10]} 14. Nxc4 {[%emt 0:10:24]} dxc4 {[%emt 0:12:59]} 15. Bxg5 {[%emt 0:00:12]} hxg5 {[%emt 0:00:02]} 16. Ng2 {[%emt 0:00:36]} Nd5 {[%emt 0:13:33]} 17. Ne3 {[%emt 0:03:29]} Nxe3 {[%emt 0:03:16]} 18. fxe3 {[%emt 0:00:26]} Qb6 {[%emt 0:10:28]} 19. e4 {[%emt 0:11:09]} Bg6 {[%emt 0:05:01]} 20. Bxg6 {[%emt 0:00:09]} fxg6 {[%emt 0:00:07]} 21. Qa4 {[%emt 0:00:56]} Qc6 {[%emt 0:03:51]} 22. Qxc6 {[%emt 0:00:24]} bxc6 {[%emt 0:00:01]} 23. b3 {[%emt 0:00:06]} cxb3 {[%emt 0:03:47]} 24. axb3 {[%emt 0:00:05]} a5 {[%emt 0:00:24]} 25. b4 {[%emt 0:02:41]} a4 {[%emt 0:00:41]} 26. Kf2 {[%emt 0:00:12]} Be7 {[%emt 0:01:38]} 27. Ke2 {[%emt 0:00:35]} Nb6 {[%emt 0:00:18]} 28. Ra2 {[%emt 0:01:10]} Rd8 {[%emt 0:00:14]} 29. Kd3 {[%emt 0:02:04]} Rd7 {[%emt 0:01:09]} 30. Raf2 {[%emt 0:00:47]} Ra7 {[%emt 0:01:06]} 31. Rf7 {[%emt 0:03:01]} a3 {[%emt 0:00:50]} 32. R7f2 {[%emt 0:00:14]} a2 {[%emt 0:02:04]} 33. Ra1 {[%emt 0:00:06]} Bxb4 {[%emt 0:00:40]} 34. cxb4 {[%emt 0:02:24]} Ra3+ {[%emt 0:00:07]} 35. Kc2 {[%emt 0:00:11]} Nc4 {[%emt 0:00:58]} 36. Kc1 {[%emt 0:00:19]} Rd3 {[%emt 0:00:37]} 37. Raxa2 {[%emt 0:01:17]} Rxd4 {[%emt 0:00:26]} 38. Ra8+ {[%emt 0:00:35]} Ke7 {[%emt 0:00:34]} 39. Ra7+ {[%emt 0:00:13]} Rd7 {[%emt 0:00:31]} 40. Rxd7+ {[%emt 0:00:00]} Kxd7 {[%emt 0:00:00]} 41. Rf7+ {[%emt 0:02:30]} 1-0

[Event "72nd RUS-ch Higher League 2019"]
[Site "Yaroslavl"]
[Date "2019.07.03"]
[Round "6.20"]
[White "Nesterov, Arseniy"]
[Black "Najer, Evgeniy"]
[Result "1-0"]
[WhiteElo "2423"]
[BlackElo "2678"]
[Annotator "TA"]
[PlyCount "111"]
[EventDate "2019.06.27"]
[EventType "swiss"]
[EventCountry "RUS"]
[SourceTitle "playchess.com"]
[Source "ChessBase"]
[SourceQuality "1"]

{[%evp 9,111,25,27,29,32,25,29,31,31,17,29,21,37,0,11,0,8,4,6,-12,20,28,48,52,75,75,74,57,86,0,0,0,88,-25,32,32,25,27,19,-7,42,0,0,0,0,0,29,10,14,0,47,67,43,32,46,79,119,137,113,137,107,89,100,40,127,112,163,140,118,113,405,340,322,331,515,373,461,422,29970,29968,29975,29976,29976,29977,29976,29976,2366,1363,1363,1367,1363,1314,1285,1276,1117,1275,1275,1211,1275,1247,5202,4634,5143,2016]} 1. d4 f5 2. c4 Nf6 3. Nf3 g6 4. e3 (4. g3 Bg7 5. Bg2 O-O 6. O-O d6 7. Nc3 Nc6 8. d5 Na5 9. b3 c5 10. Bb2 a6 11. Ng5 Rb8 12. Qd3 Qe8 13. Nd1 b5 14. Qd2 Nb7 15. Ne3 Nd8 16. Nh3 Bd7 {0-1 (58) Xiong,J (2663)-Nakamura,H (2746) Saint Louis 2019}) 4... Bg7 5. b4 b6 6. Bb2 {A84: Dutch Defence: 2 c4 Miscellaneous} Bb7 7. Be2 O-O 8. O-O {White has an edge.} e6 9. Qb3 $146 ({Predecessor:} 9. Nc3 a5 10. a3 axb4 11. axb4 Rxa1 12. Bxa1 {½-½ (35) Vifleemskaia,S (1969)-Trapeznikova,D (2090) Sochi 2019}) 9... Qe7 10. Nc3 Nc6 11. b5 Na5 12. Qc2 $1 Ng4 13. h3 Nh6 14. d5 e5 15. Nd2 d6 16. Nb3 $1 Rae8 17. Nxa5 bxa5 18. Rae1 Qh4 19. Kh2 ({White should try} 19. e4 $16) 19... Ng4+ $11 20. Kg1 Nf6 (20... Nh6 $11) 21. Kh2 (21. Qa4 $16) 21... g5 ({Black should play} 21... Bc8 $11) 22. e4 $14 ({Avoid the trap} 22. Qxf5 $2 e4 $19) 22... f4 {Strongly threatening ...g4.} 23. g3 $1 {[%cal Rg3h4]} Qh6 {...Bc8 is the strong threat.} 24. Kg2 Bc8 25. Rh1 g4 26. Bxg4 fxg3 27. f3 $1 ({Much weaker is} 27. Bc1 Nxg4 $1 {[%mdl 512]} 28. Bxh6 Rxf2+ 29. Qxf2 gxf2 $17) 27... Nh5 ({But not} 27... Nxg4 $6 28. hxg4 Qg6 29. Ref1 $16) 28. Bc1 Qg6 29. Ref1 Bh6 {next ...Bxc1 is good for Black.} 30. Ne2 Rf7 31. c5 Bxc1 32. Qxc1 {aiming for cxd6.} Bxg4 33. hxg4 Nf4+ 34. Nxf4 exf4 35. Re1 Qg7 36. Qa1 (36. Re2 $16) 36... Re5 (36... a4 $1 $14) 37. Rc1 $16 {[%cal Be1c1,Bc1c6,Bc6c8][%mdl 32]} a4 (37... Qf6 $16) 38. cxd6 cxd6 39. Rc6 h5 $2 {[%mdl 8192]} (39... Rf6 $16 {keeps fighting.} 40. Qc3 Re8) 40. Rxh5 Rxh5 41. Qxg7+ Rxg7 (41... Kxg7 $142 42. gxh5 Kh6) 42. gxh5 $18 {[%mdl 4096] Endgame KR-KR} Rg5 {[#]} 43. Rc8+ $1 Kf7 (43... Kg7 $18 44. h6+ Kxh6) 44. Rc7+ Kf6 {[#]} 45. h6 $1 {[%cal Rh6h7]} Rh5 46. h7 Ke5 47. Rxa7 Kd4 48. Rxa4+ {White is clearly winning.} Kc5 49. Ra7 Kxb5 50. Rf7 Rh2+ 51. Kg1 Kc5 52. Rxf4 Rxh7 53. Kg2 Ra7 54. Kxg3 Rxa2 55. Rf6 Ra1 56. Re6 {Accuracy: White = 55%, Black = 36%.} (56. f4 $142 Rg1+ 57. Kf3) 1-0

[Event "72nd RUS-ch Higher League 2019"]
[Site "Yaroslavl"]
[Date "2019.07.03"]
[Round "6.21"]
[White "Samojlov, Anton"]
[Black "Levin, Evgeny A."]
[Result "1/2-1/2"]
[WhiteElo "2350"]
[BlackElo "2504"]
[Annotator "ChessBase"]
[PlyCount "80"]
[EventDate "2019.06.27"]
[EventType "swiss"]
[EventCountry "RUS"]
[SourceTitle "playchess.com"]
[Source "ChessBase"]
[SourceQuality "1"]
[TimeControl "40/5400+30:1800+30"]

1. d4 {[%emt 0:00:00]} Nf6 {[%emt 0:00:00]} 2. c4 {[%emt 0:00:00]} e6 {[%emt 0:00:00]} 3. Nf3 {[%emt 0:00:00]} b6 {[%emt 0:00:08]} 4. Nc3 {[%emt 0:00:15]} Bb7 {[%emt 0:00:44]} 5. e3 {[%emt 0:00:33]} d5 {[%emt 0:02:44]} 6. cxd5 {[%emt 0:00:16]} exd5 {[%emt 0:00:05]} 7. Bb5+ {[%emt 0:00:11]} c6 {[%emt 0:00:21]} 8. Bd3 {[%emt 0:00:07]} Nbd7 {[%emt 0:00:09]} 9. O-O {[%emt 0:05:23]} Bd6 {[%emt 0:05:02]} 10. e4 {[%emt 0:02:07]} dxe4 {[%emt 0:00:06]} 11. Nxe4 {[%emt 0:00:08]} Nxe4 {[%emt 0:00:06]} 12. Bxe4 {[%emt 0:00:13]} O-O {[%emt 0:00:57]} 13. Bg5 {[%emt 0:06:17]} Qc7 {[%emt 0:01:51]} 14. Qc2 {[%emt 0:09:34]} h6 {[%emt 0:01:51]} 15. Bh4 {[%emt 0:00:09]} Rfe8 {[%emt 0:19:13]} 16. Rac1 {[%emt 0:12:45]} c5 {[%emt 0:06:54]} 17. Bxb7 {[%emt 0:01:50]} Qxb7 {[%emt 0:00:35]} 18. Rcd1 {[%emt 0:11:58]} Nf8 {[%emt 0:07:50]} 19. Bg3 {[%emt 0:04:11]} Bxg3 {[%emt 0:02:36]} 20. hxg3 {[%emt 0:00:29]} Nd7 {[%emt 0:18:06]} 21. Rfe1 {[%emt 0:03:32]} cxd4 {[%emt 0:01:44]} 22. Rxe8+ {[%emt 0:02:33]} Rxe8 {[%emt 0:00:04]} 23. Nxd4 {[%emt 0:00:09]} Rc8 {[%emt 0:16:10]} 24. Qe2 {[%emt 0:02:06]} Nf6 {[%emt 0:01:11]} 25. Nf5 {[%emt 0:11:54]} Re8 {[%emt 0:00:13]} 26. Ne3 {[%emt 0:05:37]} Qe4 {[%emt 0:03:09]} 27. b3 {[%emt 0:06:22]} Nd5 {[%emt 0:03:30]} 28. Rd3 {[%emt 0:03:18]} Nxe3 {[%emt 0:01:16]} 29. Rxe3 {[%emt 0:01:12]} Qb1+ {[%emt 0:00:04]} 30. Kh2 {[%emt 0:01:29]} Rxe3 {[%emt 0:00:37]} 31. fxe3 {[%emt 0:00:47]} Qe4 {[%emt 0:03:19]} 32. Qa6 {[%emt 0:01:34]} Qe7 {[%emt 0:00:45]} 33. Qd3 {[%emt 0:03:45]} g6 {[%emt 0:00:51]} 34. a4 {[%emt 0:01:06]} h5 {[%emt 0:01:01]} 35. Qd4 {[%emt 0:02:08]} Qa3 {[%emt 0:01:11]} 36. Qd8+ {[%emt 0:01:08]} Kg7 {[%emt 0:00:42]} 37. Qd4+ {[%emt 0:00:18]} Kg8 {[%emt 0:00:06]} 38. Qd8+ {[%emt 0:00:09]} Kg7 {[%emt 0:00:04]} 39. Qd4+ {[%emt 0:00:05]} Kg8 {[%emt 0:00:04]} 40. Qd8+ {[%emt 0:00:00]} Kg7 {[%emt 0:00:00]} 1/2-1/2